[Event "11th KIIT Festival 2018"]
[Site "Bhubaneswar"]
[Date "2018.05.29"]
[Round "7"]
[White "Rajdeep Sarkar"]
[Black "Pruijssers, Roeland"]
[Result "1-0"]
[WhiteElo "2355"]
[BlackElo "2519"]
[Annotator "TA"]
[PlyCount "61"]
[EventDate "2018.??.??"]
[EventType "swiss"]
[EventCountry "IND"]
[SourceTitle "playchess.com"]
[Source "ChessBase"]
[SourceQuality "1"]

{[%evp 14,61,41,42,51,31,39,42,29,31,43,48,100,104,79,102,100,101,105,101,151,137,148,140,152,137,133,87,91,99,114,97,122,117,179,172,207,205,234,220,233,222,210,219,231,224,375,369,356,348]} 1. Nf3 c5 2. c4 Nf6 3. g3 g6 4. Bg2 Bg7 5. O-O O-O 6. d4 cxd4 7. Nxd4 Qc7 {E60: King's Indian: Unusual lines and Fianchetto Variation without Nc3} (7... d5 8. cxd5 Nxd5 9. Nb3 e6 10. Nc3 Nc6 11. Bd2 Nxc3 12. Bxc3 Bxc3 13. bxc3 Qc7 14. c4 Rd8 15. Qc1 Bd7 16. Qe3 Ne7 17. Rfd1 Bc6 18. Rxd8+ Qxd8 19. Rc1 {½-½ (19) Mamedyarov,S (2809)-Grischuk,A (2767) Moscow 2018}) 8. b3 {LiveBook: 5 Games} d5 9. cxd5 Nxd5 {[%cal Bf6d5,Bd5c3,Bc3e2,Be2d4,Bd4c2][%mdl 32] White is slightly better.} 10. Bb2 Rd8 $146 ({Predecessor:} 10... Qc5 11. Qc1 Qxc1 12. Rxc1 Rd8 13. Bxd5 Na6 14. Bf3 Bxd4 15. Bxd4 Rxd4 {½-½ (47) Hansen,E (2573)-Kovalenko,I (2700) Berlin 2015}) 11. Nb5 Qc5 12. Bxg7 $1 {Hoping for N1a3.} Kxg7 {[#]} (12... Nc6 $1 $14) 13. N5c3 $1 $36 {[%mdl 2560] White is really pushing.} Nxc3 14. Qxd8 Nxe2+ 15. Kh1 Nc6 16. Qd3 Ncd4 17. Nd2 Bg4 18. Nf3 ({Resist} 18. Bxb7 $6 Rd8 $14) 18... Rd8 19. Nxd4 Nxd4 20. f3 Bf5 21. Qe3 Qb4 {next ...Nc2 is good for Black.} 22. Rac1 Nc2 23. Qxa7 Rd2 {[#]} (23... Rd4 $16 24. Qb8 h5) 24. Qg1 $1 $18 h5 25. Rfd1 Re2 {[#]} 26. Qf1 $1 {[%cal Rf1e2]} Rd2 27. Rxd2 Qxd2 28. Qd1 Qe3 29. h3 h4 $2 (29... Nd4 {might work better.}) 30. g4 Bd3 31. Rxc2 {Precision: White = 94%, Black = 50%.} 1-0

[Event "11th KIIT Festival 2018"]
[Site "Bhubaneswar"]
[Date "2018.05.29"]
[Round "7"]
[White "Aronyak Ghosh"]
[Black "Vignesh N R"]
[Result "1-0"]
[WhiteElo "2294"]
[BlackElo "2485"]
[Annotator "TA"]
[PlyCount "45"]
[EventDate "2018.??.??"]
[EventType "swiss"]
[EventCountry "IND"]
[SourceTitle "playchess.com"]
[Source "ChessBase"]
[SourceQuality "1"]

{[%evp 18,45,0,0,-6,-3,7,12,3,-17,0,0,0,0,93,56,86,85,102,97,102,102,245,256,313,320,998,998,1054,1046]} 1. d4 Nf6 2. Bg5 Ne4 3. h4 d5 4. Nd2 Bf5 5. Nxe4 Bxe4 6. f3 h6 {A45: Damenbauernspiele (Trompowski-Angriff)} 7. Bf4 Bh7 8. e3 e6 9. Bd3 Bxd3 10. Qxd3 {LiveBook: 22 Partien} Nd7 (10... c5 11. dxc5 Bxc5 12. Bxb8 Qa5+ 13. c3 Rxb8 14. b4 {½-½ (22) Ivanisevic,I (2658)-Rapport,R (2649) Bar 2015}) 11. e4 $146 ({Vorgänger:} 11. O-O-O Be7 12. g3 c5 13. e4 dxe4 14. Qxe4 {½-½ (24) Kosic,D (2515)-Tzermiadianos,A (2350) Sofia 1994}) 11... Be7 12. exd5 exd5 13. h5 O-O 14. O-O-O c5 15. Ne2 Qa5 (15... c4 $11 16. Qf5 Nf6) 16. Kb1 Bf6 17. Qf5 Qa6 18. Qxd7 {[#] Droht The1 und aus.} ({Schlechter ist} 18. Qxd5 Nb6 $17) 18... Qxe2 19. dxc5 Rfd8 (19... b6 $16) 20. Qxb7 $18 Qxg2 21. Qb3 {Und weiter mit Th2 wäre nett.} a5 $2 {[#]} (21... Qe2 22. c6 (22. Rxd5 Rac8 $18) 22... Re8) 22. Rh2 a4 23. Qd3 {Precision: Weiß = 82%, Schwarz = 25%.} 1-0

[Event "11th KIIT Festival 2018"]
[Site "Bhubaneswar"]
[Date "2018.05.29"]
[Round "7"]
[White "Saurabh Anand"]
[Black "Deviatkin, Andrei"]
[Result "0-1"]
[WhiteElo "2294"]
[BlackElo "2467"]
[Annotator "TA"]
[PlyCount "93"]
[EventDate "2018.??.??"]
[EventType "swiss"]
[EventCountry "IND"]
[SourceTitle "playchess.com"]
[Source "ChessBase"]
[SourceQuality "1"]

{[%evp 19,93,39,30,37,41,19,33,18,18,0,17,0,9,6,10,-55,-9,-67,0,-47,-37,-31,0,-88,-77,-70,0,0,0,0,0,0,0,0,58,72,61,0,0,0,0,-360,-389,-421,-456,-445,-442,-450,-447,-446,-425,-418,-336,-327,-328,-320,-318,-329,-306,-356,-342,-390,-378,-472,-467,-1064,-1059,-971,-867,-984,-929,-12836,-5953,-12844,-12844,-12842]} 1. e4 c6 2. d4 d5 3. exd5 cxd5 4. Bf4 Nc6 5. c3 Nf6 6. Nd2 {B13: Caro-Kann: Exchange Variation and Panov-Botvinnik Attack} Bf5 7. Qb3 Qc8 8. Ngf3 e6 9. Nh4 Bg6 10. Nxg6 hxg6 {LiveBook: 14 Games} 11. Bd3 Nh5 12. Be3 Bd6 13. g3 {[#]} Qc7 $146 ({Predecessor:} 13... Nf6 14. Qd1 O-O {½-½ (141) Kamsky,G (2741)-Macieja,B (2614) Achaea 2012}) 14. O-O-O Nf6 15. h3 a6 16. Kb1 b5 17. Nf3 ({White should try} 17. h4 $11) 17... Rb8 18. Ng5 ({Better is} 18. h4 $11) 18... Ne7 (18... O-O $15) 19. Rde1 O-O 20. h4 Rfc8 21. Bd2 (21. a3 $11) 21... a5 $17 22. Rc1 (22. Bxb5 $2 a4 $1 $19 {[%mdl 512]}) 22... Qd7 (22... Qb6 $15) 23. Qd1 $11 b4 $1 24. h5 bxc3 25. Bxc3 gxh5 26. Rxh5 g6 (26... Bb4 $11 27. Qh1 Nxh5 28. Qxh5 Nc6) 27. Rh3 $14 {Qh1 is the strong threat.} Kg7 28. Qf3 ({Don't play} 28. Bxa5 Ba3 $11) (28. Qd2 $14) 28... Nf5 $11 29. g4 Qb7 $1 30. Qe2 $2 {[%mdl 8192] [#]} ({Don't blunder} 30. gxf5 $2 Rxc3 31. Qe2 Rxc1+ 32. Kxc1 Bf4+ 33. Kb1 Bxg5 $19) (30. Bxf5 $11 exf5 31. gxf5) 30... Rxc3 $1 $19 {[%mdl 512]} 31. gxf5 (31. Rxc3 Nxd4) 31... Rxc1+ 32. Kxc1 Bf4+ 33. Kb1 Bxg5 34. fxg6 Qb4 35. gxf7 Qd2 36. Qxd2 Bxd2 37. Kc2 Bf4 ({Not} 37... Kxf7 38. Kxd2 Rxb2+ 39. Bc2 $17) 38. Rf3 Bd6 39. Re3 Kxf7 40. Bf1 Rb4 41. Bh3 Ne4 {Black is clearly winning.} 42. Bxe6+ (42. Bf1 $142) 42... Kxe6 43. f3 Bf4 44. Re2 Rxd4 45. fxe4 dxe4 {[%cal Bd5e4,Be4e3][%mdl 32]} 46. b3 e3 47. Kc3 {Precision: White = 36%, Black = 73%.} 0-1

[Event "11th KIIT Festival 2018"]
[Site "Bhubaneswar"]
[Date "2018.05.29"]
[Round "7"]
[White "Rathanvel, V S"]
[Black "Laxman, R R"]
[Result "*"]
[WhiteElo "2292"]
[BlackElo "2444"]
[Annotator "TA"]
[PlyCount "35"]
[EventDate "2018.??.??"]
[EventType "swiss"]
[EventCountry "IND"]
[SourceTitle "playchess.com"]
[Source "ChessBase"]
[SourceQuality "1"]

{[%evp 20,22,43,41,22]} 1. e4 e5 2. Nf3 Nc6 3. Bb5 a6 4. Ba4 Nf6 5. d3 d6 {[%cal Bd7d6,Bd6d5][%mdl 32]} 6. c3 g6 7. O-O Bg7 8. Re1 O-O 9. Nbd2 b5 10. Bc2 {C77: Ruy Lopez: 3...a6 4 Ba4 Nf6, unusual lines} d5 (10... Bb7 11. Nf1 Nb8 12. d4 Nbd7 13. Ng3 Re8 14. a4 c6 15. Be3 Qc7 16. h3 exd4 17. cxd4 c5 {0-1 (65) McShane,L (2640)-Howell,D (2676) London 2017}) 11. a4 {LiveBook: 3 Games. Threatens to win with axb5.} b4 {Predecessor:} 12. a5 $146 Bb7 13. Nb3 Qd6 14. Bg5 h6 15. Be3 Nd7 16. Ra4 d4 17. Bd2 bxc3 18. bxc3 {0-1 (41) Stoma,P (2342)-Tazbir,M (2527) Warsaw 2011} *

[Event "11th KIIT Festival 2018"]
[Site "Bhubaneswar"]
[Date "2018.05.29"]
[Round "7"]
[White "Rathanvel, V S"]
[Black "Laxman, R R"]
[Result "1/2-1/2"]
[WhiteElo "2292"]
[BlackElo "2444"]
[Annotator "TA"]
[PlyCount "108"]
[EventDate "2018.??.??"]
[EventType "swiss"]
[EventCountry "IND"]
[SourceTitle "playchess.com"]
[Source "ChessBase"]
[SourceQuality "1"]

{[%evp 20,108,43,52,51,47,54,16,36,13,12,1,19,25,17,0,0,0,39,34,43,27,37,23,21,26,47,7,159,130,206,207,191,197,187,174,163,131,280,281,283,280,277,83,117,122,147,146,179,176,175,0,0,0,0,0,0,0,0,0,8,7,7,8,6,12,12,0,0,0,11,0,0,0,0,0,0,0,0,0,0,-13,-8,-14,-8,-8,-8,-8,-8,-8,-8]} 1. e4 e5 2. Nf3 Nc6 3. Bb5 a6 4. Ba4 Nf6 5. d3 d6 6. c3 g6 7. O-O Bg7 8. Re1 O-O 9. Nbd2 b5 10. Bc2 {C77: Spanische Partie (Anderssen-Variante)} d5 (10... Bb7 11. Nf1 Nb8 12. d4 Nbd7 13. Ng3 Re8 14. a4 c6 15. Be3 Qc7 16. h3 exd4 17. cxd4 c5 {0-1 (65) McShane,L (2640)-Howell,D (2676) London 2017}) 11. a4 {LiveBook: 3 Partien. zielt auf axb5 ab.} b4 12. a5 {Weiß steht etwas besser.} Rb8 $146 ({Vorgänger:} 12... Bb7 13. Nb3 Qd6 14. Bg5 h6 15. Be3 Nd7 16. Ra4 d4 17. Bd2 bxc3 18. bxc3 {0-1 (41) Stoma,P (2342)-Tazbir,M (2527) Warsaw 2011}) 13. h3 Be6 14. Ng5 (14. Ba4 $5 {[%cal Ra4c6]} Nxa5 15. Nxe5 $11) 14... Bd7 15. Bb3 d4 16. cxd4 Nxd4 17. Bc4 Bb5 18. Ngf3 Nd7 19. Nxd4 exd4 20. f4 {[%cal Bf2f4,Bf4f5][%mdl 32]} Nc5 21. Bxb5 axb5 22. Nf3 Qd6 23. Qc2 Ne6 $2 (23... Rfe8 $11) 24. Bd2 c5 {[#]} (24... Ra8 $16) 25. f5 $1 $18 gxf5 26. exf5 Nc7 27. Rac1 Na6 28. Bg5 f6 (28... Rbe8 $16 {kämpft weiter.}) 29. Re6 Qd7 30. Rxa6 fxg5 31. Qb3+ $2 ({Nicht} 31. Nxg5 Rxf5 32. Nf3 Rbf8 $11) (31. Qxc5 $18 {bietet bessere Gewinnchancen.} Rxf5 32. Qxb4) 31... c4 $16 32. dxc4 Rxf5 33. cxb5+ (33. Qxb4 d3 $11) 33... Kh8 34. b6 ({Bloß nicht} 34. Qxb4 $6 Rfxb5 35. Qc4 g4 $16) 34... d3 35. Ra7 $2 (35. Qxb4 $18 Rxf3 36. gxf3) 35... Qd6 $1 $11 {Die Stellung ist ausgeglichen.} 36. Rf7 Rxa5 37. b7 {[#] Droht stark Tc8+.} Rc5 $1 38. Rd1 Qb6 39. Kh1 Rxb7 40. Rxb7 Qxb7 41. Qxd3 {jetzt Dd8+ und aus.} h6 42. Qd8+ Kh7 43. Qd3+ Kh8 44. Qd8+ Kh7 45. Qd3+ Kh8 46. Qg6 {Beabsichtigt Td8+ und Matt.} Rc8 47. h4 $40 {[%mdl 128] Schwarz muss sich nun genau verteidigen.} Rf8 {Droht ...Txf3 und aus.} 48. Qh5 Qf7 49. Qxf7 Rxf7 50. hxg5 Bxb2 51. gxh6 {KTL-KTS} Rf6 52. Rd8+ Kh7 53. Rb8 Bc3 54. Kg1 Kxh6 {Precision: Weiß = 55%, Schwarz = 53%.} 1/2-1/2

[Event "11th KIIT Festival 2018"]
[Site "Bhubaneswar"]
[Date "2018.05.29"]
[Round "7"]
[White "Dixit, Nikhil"]
[Black "Manik, Mikulas"]
[Result "1-0"]
[WhiteElo "2271"]
[BlackElo "2411"]
[Annotator "TA"]
[PlyCount "23"]
[EventDate "2018.??.??"]
[EventType "swiss"]
[EventCountry "IND"]
[SourceTitle "playchess.com"]
[Source "ChessBase"]
[SourceQuality "1"]

{[%evp 14,23,26,16,64,53,83,75,474,445,725,728]} 1. e4 c5 2. Nf3 d6 3. Bb5+ Nd7 4. d4 cxd4 5. Qxd4 a6 6. Bxd7+ Bxd7 7. Nc3 Rc8 {B51: Sicilian: Moscow Variation (3 Bb5+) without 3...Bd7} (7... e5 8. Qd3 Rc8 9. O-O Qc7 10. a4 Be7 11. Rd1 h6 12. Nd2 Nf6 13. Nf1 O-O 14. Ne3 Be6 15. a5 Rfd8 {½-½ (58) Demchenko,A (2660)-Vachier Lagrave,M (2789) Riadh 2017}) 8. O-O {LiveBook: 90 Games} h6 $146 ({Predecessor:} 8... e5 9. Qb4 b5 10. a4 a5 11. Qb3 b4 12. Nd5 Be6 13. Ng5 Be7 14. Nxe6 fxe6 15. Nxe7 Qxe7 {½-½ (40) Shirov,A (2664)-Artemiev,V (2682) Sochi 2017}) 9. e5 {[%cal Be4e5,Be5e6][%mdl 32]} Bc6 10. Rd1 d5 $2 {[%mdl 8192] [#]} (10... dxe5 $16 {is more resistant.} 11. Qc5 (11. Nxe5 Qxd4 12. Rxd4 e6 $11) (11. Qxe5 Qc7 $14) 11... Qc7) 11. e6 $1 $18 {[%cal Re6f7]} Nf6 (11... fxe6 $142 12. Ne5 Qd6) 12. Ne5 1-0

[Event "11th KIIT Festival 2018"]
[Site "Bhubaneswar"]
[Date "2018.05.29"]
[Round "7"]
[White "Raahul V S"]
[Black "Rathnakaran, K."]
[Result "0-1"]
[WhiteElo "2231"]
[BlackElo "2377"]
[Annotator "NA"]
[PlyCount "96"]
[EventDate "2018.??.??"]
[EventType "swiss"]
[EventCountry "IND"]
[SourceTitle "playchess.com"]
[Source "ChessBase"]
[SourceQuality "1"]
[TimeControl "5400+30"]

1. c4 {[%emt 0:00:00]} g6 {[%emt 0:00:30]} 2. d4 {[%emt 0:00:00]} Bg7 {[%emt 0:00:00]} 3. Nc3 {[%emt 0:00:01]} d6 {[%emt 0:00:00]} 4. e4 {[%emt 0:00:00]} Nc6 {[%emt 0:00:01]} 5. Be3 {[%emt 0:00:01]} e5 {[%emt 0:00:00]} 6. dxe5 {[%emt 0:00:00]} dxe5 {[%emt 0:00:00]} 7. Qxd8+ {[%emt 0:00:23]} Kxd8 {[%emt 0:00:00]} 8. O-O-O+ {[%emt 0:02:24]} Bd7 {[%emt 0:00:02] A42: Modern Defence: Averbakh Variation} 9. c5 {[%emt 0:01:19]} Bh6 {[%emt 0:05:40]} 10. Bc4 {[%emt 0:02:38]} Bxe3+ {[%emt 0:00:10]} 11. fxe3 {[%emt 0:00:00]} Nh6 {[%emt 0:00:17]} 12. Nf3 {[%emt 0:01:34]} Kc8 {[%emt 0:19:43]} 13. Bb5 $146 {[%emt 0:00:01]} ({Predecessor:} 13. Rd2 Be6 14. Bd5 Re8 15. Ng5 Nd8 16. Nxh7 {1-0 (27) Kozul,Z (2490)-Schneider,B (2200) Ptuj 1989}) 13... f6 {[%emt 0:00:01]} 14. Nd5 {[%emt 0:00:00]} Ng8 {[%emt 0:00:01]} 15. Rhf1 {[%emt 0:01:25]} Nb8 {[%emt 0:02:39]} 16. Be2 {[%emt 0:01:53]} b5 {[%emt 0:26:30]} 17. Nh4 {[%emt 0:07:44]} Na6 {[%emt 0:03:20]} 18. b4 {[%emt 0:00:14]} Nb8 {[%emt 0:14:12]} 19. Rd3 {[%emt 0:00:01]} ({But not} 19. Nxf6 $6 Nxf6 20. Rxf6 a5 $14) 19... a5 {[%emt 0:02:27]} 20. Ra3 {[%emt 0:00:01]} Kb7 {[%emt 0:07:00]} 21. bxa5 {[%emt 0:00:00]} Na6 {[%emt 0:00:59]} 22. Rc3 {[%emt 0:00:29]} Nb8 {[%emt 0:03:59]} 23. Nxf6 {[%emt 0:09:27]} (23. Kb2 $16) 23... Nxf6 {[%emt 0:00:57]} 24. Rxf6 {[%emt 0:00:01]} Rxa5 {[%emt 0:00:45]} 25. a3 {[%emt 0:00:00]} Bc6 {[%emt 0:04:13]} 26. Re6 {[%emt 0:00:43]} Nd7 {[%emt 0:03:03]} 27. Nf3 {[%emt 0:00:43]} Rha8 {[%emt 0:06:59]} 28. Kb2 {[%emt 0:00:00]} ({Don't play} 28. Nxe5 $6 Nxe5 29. Rxe5 Rxa3 $11) 28... Ra4 $16 {[%emt 0:00:00]} (28... Rf8 $142) 29. Nxe5 $2 {[%emt 0:00:01]} (29. Rb3 $16) 29... b4 {[%emt 0:00:17]} 30. Rc4 {[%emt 0:00:00]} Nxe5 {[%emt 0:00:00]} 31. Rxe5 {[%emt 0:00:00]} Bb5 {[%emt 0:00:00]} 32. c6+ {[%emt 0:00:01]} Kb6 {[%emt 0:00:00]} 33. Rxb5+ {[%emt 0:00:01]} Kxb5 {[%emt 0:00:00]} 34. Rxb4+ {[%emt 0:00:05]} Kc5 {[%emt 0:00:00]} 35. Rb3 {[%emt 0:00:10]} Rxe4 {[%emt 0:00:00]} 36. Rc3+ {[%emt 0:00:41]} Kd6 {[%emt 0:00:00]} 37. Rd3+ {[%emt 0:00:00]} Ke6 {[%emt 0:00:00]} 38. Bf3 {[%emt 0:00:00]} Rb8+ {[%emt 0:00:16]} 39. Ka2 {[%emt 0:00:00]} Re5 {[%emt 0:02:11]} 40. a4 {[%emt 0:00:00]} Kf6 {[%emt 0:03:45]} 41. Bd5 {[%emt 0:00:00]} Rf5 {[%emt 0:00:00]} 42. Rd2 {[%emt 0:00:02]} Rf1 {[%emt 0:00:00]} 43. Bc4 {[%emt 0:05:35]} Re1 {[%emt 0:00:00]} 44. Rd7 {[%emt 0:00:39]} Rb4 {[%emt 0:00:00]} 45. Rf7+ {[%emt 0:01:21]} Kg5 {[%emt 0:01:00]} 46. Bb5 {[%emt 0:00:00]} Rxe3 {[%emt 0:01:48]} 47. Rxc7 {[%emt 0:00:00]} Rf4 {[%emt 0:00:00]} 48. h4+ {[%emt 0:00:01]} Kh6 {[%emt 0:00:00]} 0-1

[Event "11th KIIT Festival 2018"]
[Site "Bhubaneswar"]
[Date "2018.05.29"]
[Round "7"]
[White "Wagh Suyog"]
[Black "Iniyan, P."]
[Result "0-1"]
[WhiteElo "2231"]
[BlackElo "2469"]
[Annotator "TA"]
[PlyCount "56"]
[EventDate "2018.??.??"]
[EventType "swiss"]
[EventCountry "IND"]
[SourceTitle "playchess.com"]
[Source "ChessBase"]
[SourceQuality "1"]

{[%evp 15,56,35,44,12,18,23,16,11,16,15,18,0,11,10,17,17,18,27,48,-8,0,-11,2,-32,-37,-72,-68,-102,-48,-220,-216,-594,-600,-1831,-1682,-2856,-1559,-3039,-3023,-2860,-2854,-29994,-29995]} 1. Nf3 Nf6 2. g3 g6 3. b3 Bg7 4. Bb2 d5 5. c4 c6 6. Bg2 O-O 7. O-O Bg4 8. d4 Ne4 {LiveBook: 8 Games. D78: Fianchetto Grünfeld: 6 0-0 c6} (8... Bxf3 9. Bxf3 Nbd7 10. Nc3 e6 11. e3 Re8 12. Bg2 a6 13. Rc1 Qe7 14. Qe2 Red8 15. Rfd1 Rac8 16. Qc2 {1-0 (67) Gupta,A (2610)-Ghosh,D (2556) chess.com INT 2018}) 9. Nfd2 Ng5 $146 ({Predecessor:} 9... Bf5 10. Nxe4 Bxe4 11. f3 Bf5 12. Qd2 Na6 13. e3 Qd7 14. Nc3 Rad8 15. cxd5 cxd5 16. Ba3 {½-½ (63) Kukov,V (2386)-Bauduin,E (2179) Charleroi 2017}) 10. Na3 Bh3 {White has an edge.} 11. Bxh3 Nxh3+ 12. Kg2 Ng5 13. Qc2 Qd7 14. f4 Ne6 15. Nf3 f5 16. Rfd1 Qe8 17. b4 (17. Rac1 $14) 17... Nd7 $11 {[%cal Bb8d7,Bd7f6,Bf6e4][%mdl 32]} 18. Qb3 Nf6 19. Rac1 Rd8 20. b5 g5 21. fxg5 Ne4 {Strongly threatening ...Qh5.} 22. bxc6 $2 {[#]} (22. Nb1 $15) 22... bxc6 $19 {White must now prevent ...Rb8.} 23. Qa4 $2 (23. Qd3 {is tougher.}) 23... Qh5 24. Bc3 f4 {[%cal Bf5f4,Bf4g3][%mdl 32]} 25. Be1 N6xg5 {[#] Hoping for ...fxg3.} 26. h4 Nxf3 27. exf3 fxg3 28. fxe4 Qf3+ {Precision: White = 16%, Black = 69%.} 0-1

[Event "11th KIIT Festival 2018"]
[Site "Bhubaneswar"]
[Date "2018.05.29"]
[Round "7"]
[White "Shiva Pavan Teja Sharma U"]
[Black "Shyaamnikhil P"]
[Result "0-1"]
[WhiteElo "2006"]
[BlackElo "2401"]
[Annotator "NA"]
[PlyCount "96"]
[EventDate "2018.??.??"]
[EventType "swiss"]
[EventCountry "IND"]
[SourceTitle "playchess.com"]
[Source "ChessBase"]
[SourceQuality "1"]
[TimeControl "5400+30"]

1. e4 {[%emt 0:00:00]} c5 {[%emt 0:00:31]} 2. Nf3 {[%emt 0:00:01]} a6 {[%emt 0:00:09]} 3. Nc3 {[%emt 0:04:32]} e6 {[%emt 0:01:28]} 4. Be2 {[%emt 0:00:53]} b5 {[%emt 0:04:05] B40: Sicilian: 2...e6, Unusual lines} (4... d6 5. d4 cxd4 6. Nxd4 Nf6 7. Be3 Qc7 8. Qd2 b5 9. f3 Nbd7 10. a3 h5 11. O-O Bb7 12. Rfd1 d5 13. exd5 Nxd5 14. Nxd5 Bxd5 15. Bf4 Bd6 16. Bxd6 Qxd6 {½-½ (29) Wei,Y (2740)-Ivanchuk,V (2732) Hoogeveen 2017}) 5. O-O {[%emt 0:04:38]} Bb7 {[%emt 0:01:16]} 6. d3 {[%emt 0:00:10]} d6 {[%emt 0:02:27]} 7. a4 {[%emt 0:01:57]} b4 {[%emt 0:00:52]} 8. Nb1 {[%emt 0:00:09]} Nc6 $146 {[%emt 0:00:43]} ({Predecessor:} 8... Be7 9. Be3 Nd7 10. Nbd2 Ngf6 11. Ne1 d5 12. exd5 Nxd5 {0-1 (44) Lilja,R (2111)-Pedersen,G (2218) Helsingor 2011}) 9. b3 {[%emt 0:04:30]} Be7 {[%emt 0:02:34]} 10. Bb2 {[%emt 0:00:23]} Bf6 {[%emt 0:00:13]} 11. e5 {[%emt 0:04:56]} Nxe5 {[%emt 0:19:30]} 12. Nxe5 {[%emt 0:00:29]} Bxe5 {[%emt 0:00:14]} 13. Bxe5 {[%emt 0:00:42]} dxe5 {[%emt 0:00:00]} 14. Nd2 {[%emt 0:00:27]} Ne7 {[%emt 0:01:14]} 15. Bf3 {[%emt 0:02:20]} Bxf3 {[%emt 0:09:43]} 16. Qxf3 {[%emt 0:00:01]} O-O {[%emt 0:06:45]} 17. Rae1 {[%emt 0:00:02]} f6 {[%emt 0:08:01]} 18. Qh3 {[%emt 0:00:59]} Nf5 {[%emt 0:03:15]} 19. Re4 {[%emt 0:07:06]} Qd7 {[%emt 0:07:59]} 20. Nc4 {[%emt 0:04:43]} Rad8 {[%emt 0:13:27]} 21. Rfe1 {[%emt 0:00:02]} Nd4 {[%emt 0:06:52]} 22. Rc1 {[%emt 0:02:52]} Qf7 {[%emt 0:02:42]} 23. Kf1 {[%emt 0:00:33]} g6 {[%emt 0:04:28]} 24. Ke1 {[%emt 0:03:32]} Qb7 $17 {[%emt 0:02:01]} 25. Na5 {[%emt 0:02:45]} Qd5 {[%emt 0:01:37]} 26. Nc4 {[%emt 0:00:01]} Qb7 {[%emt 0:00:23]} 27. Na5 {[%emt 0:00:21]} Qd5 {[%emt 0:00:31]} 28. Nc4 {[%emt 0:00:06]} Rf7 {[%emt 0:00:04]} 29. Kf1 {[%emt 0:04:20]} Qb7 {[%emt 0:00:33]} 30. Ne3 {[%emt 0:03:28]} Rff8 {[%emt 0:00:00]} 31. Nc4 {[%emt 0:01:32]} Rfe8 {[%emt 0:00:27]} 32. Na5 {[%emt 0:01:25]} Qg7 {[%emt 0:00:24]} 33. Nc4 {[%emt 0:00:32]} Nc6 {[%emt 0:01:22]} 34. Ree1 {[%emt 0:00:01]} Nd4 {[%emt 0:01:04]} 35. Re4 {[%emt 0:00:11]} h5 {[%emt 0:00:00]} 36. Qe3 {[%emt 0:01:20]} Kh7 {[%emt 0:00:00]} 37. Ke1 {[%emt 0:02:03]} Rd5 {[%emt 0:00:00]} 38. Nb6 {[%emt 0:01:53]} Qc7 {[%emt 0:00:00]} 39. Nxd5 {[%emt 0:01:52]} exd5 {[%emt 0:00:00]} 40. Rh4 {[%emt 0:00:21]} Nf5 {[%emt 0:00:00]} 41. Qh3 {[%emt 0:00:59]} Nxh4 {[%emt 0:00:00]} 42. Qxh4 {[%emt 0:00:08]} Kg7 {[%emt 0:00:00]} 43. Kd2 {[%emt 0:01:51]} e4 {[%emt 0:03:32]} 44. Re1 {[%emt 0:00:01]} Qe5 {[%emt 0:00:00]} 45. Qg3 {[%emt 0:00:02]} Qc3+ {[%emt 0:00:00]} 46. Kd1 {[%emt 0:00:01]} exd3 {[%emt 0:00:32]} 47. Qc7+ {[%emt 0:00:59]} Kh6 {[%emt 0:00:02]} 48. Qf4+ {[%emt 0:00:50]} g5 {[%emt 0:00:46]} 0-1

[Event "11th KIIT Festival 2018"]
[Site "Bhubaneswar"]
[Date "2018.05.30"]
[Round "8"]
[White "Kravtsiv, Martyn"]
[Black "Rozum, Ivan"]
[Result "1-0"]
[WhiteElo "2655"]
[BlackElo "2581"]
[Annotator "TA"]
[PlyCount "52"]
[EventDate "2018.??.??"]
[EventType "swiss"]
[EventCountry "IND"]
[SourceTitle "playchess.com"]
[Source "ChessBase"]
[SourceQuality "1"]

{[%evp 23,52,5,16,5,5,5,5,7,0,0,0,4,11,-6,0,0,66,67,57,57,64,61,55,66,477,481,451,418,29992,29993,29993]} 1. e4 c6 {[%cal Bc7c6,Bc6c5][%mdl 32]} 2. d4 d5 3. e5 Bf5 4. Nf3 e6 5. Be2 c5 6. Be3 Qb6 7. Nc3 Nc6 8. O-O {B12: Caro-Kann: Advance Variation} Qxb2 9. Qe1 cxd4 10. Bxd4 Nxd4 11. Nxd4 Bb4 12. Ndb5 Ba5 $1 {LiveBook: 20 Games} 13. Rb1 Qxc2 14. Rc1 Qb2 15. Na4 Bxe1 16. Nxb2 {[#] aiming for Nc7+.} Ba5 $146 17. Nd6+ Ke7 {White should prevent ...Nh6.} 18. Nxb7 Bb6 19. Na4 g5 ({Better is} 19... Bd4 $11) 20. Nxb6 axb6 21. g4 $36 {[%mdl 2048] White has good play.} Bg6 $1 22. f4 gxf4 $1 23. Rxf4 Rxa2 $2 {[%mdl 8192]} (23... Nh6 $14) 24. Rc7+ $18 Kf8 {[#]} 25. Nd8 $1 {[%csl LRe6,LRf7][%cal Rd8e6] White wants to mate with Nxe6+.} Rxe2 (25... Ne7 $18) 26. Nxe6+ $1 Ke8 {Precision: White = 83%, Black = 48%.} 1-0